1256 1093 1911 1556 1134 1511 1949 1105 1473 1126 1073 1726 1562 1641 1426 1210 1604 1180 1570 1448 1322 1170 1044 1111 1262 1773 1673 1042 1508 1448 1881 1616 1963 1000 1532 1236 1407 1125 1682 1971 1473 1280 1241 1381 1004 1683 1487 1371 1094 1983 1820 1480 1625 1680 1841 1251 1392 1460 1854 1382 1670 1745 1363 1607 1488 1084 1808 1535 1168 1740 1865 1323 1523 1891 1624 1236 1337 1451 1097 1159 1647 1893 1807 1889 1642 1985 1620 1764 1091 1520 1927 1010 1738 1966 1520 1419 1367 1622 1740 BCNSPRNW ULIB Ver.6.0+V

เปลี่ยนเป็นภาษาไทย

Change to English
 แสดงรายละเอียดบรรณานุกรม
  กลับหน้าหลัก

Brief Record : Get Marc (ISO 2709) : E-mail record : QR code < ปิดหน้าต่าง
LEADER : 00000nam 2200000uu 4500
001    13399123712
003     ULIB
008    110708s2554||||th 000 0 tha d
020    9789741042999(ล.2)
060  4 WY159^bส627อ ล.2
110 1  มหาวิทยาลัยสุโขทัยธรรมาธิราช^bสาขาวิชาพยาบาลศาสตร์
245 00 เอกสารการสอนชุดวิชา การพยาบาลเด็กและวัยรุ่น หน่วยที่ 6-10=^bNursing care of the child and adolescent/^cสาขาวิชาพยาบาลศาสตร์
246 0  Nursing care of the child and adolescent
250    พิมพ์ครั้งที่ 3(ปรับปรุงครั้งที่1)
260    นนทบุรี:^bศูนย์หนังสือมหาวิทยาลัยสุโขทัยธรรมาธิราช,^c2554
300    3 เล่ม
650  7 การติดเชื้อ^xการพยาบาลเด็กและวัยรุ่น
650  7 การพยาบาลกุมารเวชศาสตร์
700 0  ศรีนวล โอสถเสถียร,^eบรรณาธิการ
710 2  มหาวิทยาลัยสุโขทัยธรรมาธิราช^bสาขาวิชาพยาบาลศาสตร์
945    ^p250^l0^i21706
945    ^p250^l0^i21707
945    ^p250^l0^i21708
945    ^p250^l0^i21709
945    ^p250^l0^i21710
995    ทศพร
999    ^aใช้งานได้ทุกระบบ
รายการนี้ยังไม่มีแท็ก
คุณยังไม่ได้ล็อกอิน คุณสามารถมีกิจกรรมร่วมกับเว็บไซต์ได้ แต่ต้องล็อกอินก่อน ::
  ล็อกอิน

รายการสื่อสารสนเทศ

ลำดับที่ ประเภท เลขเรียก/บาร์โค้ด สถานที่ สถานะ
1. Book การพยาบาล
Book การพยาบาล
สถานะ=หนังสือเก่า
WY159 ส627อ ล.2 ฉ.1 
  Barcode: 21706
ห้องสมุดวิทยาเขตนครสวรรค์
►ส่วนจัดเก็บหนังสือเก่า นว.
บนชั้น
  ขอยืม
2. Book การพยาบาล
Book การพยาบาล
สถานะ=หนังสือเก่า
WY159 ส627อ ล.2 ฉ.2 
  Barcode: 21707
ห้องสมุดวิทยาเขตนครสวรรค์
►ส่วนจัดเก็บหนังสือเก่า นว.
บนชั้น
  ขอยืม
3. Book การพยาบาล
Book การพยาบาล
สถานะ=หนังสือเก่า
WY159 ส627อ ล.2 ฉ.3 
  Barcode: 21708
ห้องสมุดวิทยาเขตนครสวรรค์
►ส่วนจัดเก็บหนังสือเก่า นว.
บนชั้น
  ขอยืม
4. Book การพยาบาล
Book การพยาบาล
สถานะ=หนังสือเก่า
WY159 ส627อ ล.2 ฉ.4 
  Barcode: 21709
ห้องสมุดวิทยาเขตนครสวรรค์
►ส่วนจัดเก็บหนังสือเก่า นว.
บนชั้น
  ขอยืม
5. Book การพยาบาล
Book การพยาบาล
สถานะ=หนังสือเก่า
WY159 ส627อ ล.2 ฉ.5 
  Barcode: 21710
ห้องสมุดวิทยาเขตนครสวรรค์
►ส่วนจัดเก็บหนังสือเก่า นว.
บนชั้น
  ขอยืม

รายการใกล้เคียง
    หัวเรื่อง [การพยาบาลกุมารเวชศาสตร์]

BibComment


ยังไม่เคยถูกคอมเมนท์

คอมเมนท์ทรัพยากรรายการนี้
  คอมเมนท์: เอกสารการสอนชุดวิ..


 Copyright 2026. Bcnsprnw @Library